| 000 | 00942nas a2200301 4500 | ||
|---|---|---|---|
| 001 | BR2011005756 | ||
| 003 | BR-BrBNA | ||
| 005 | 20231205115624.0 | ||
| 007 | ta | ||
| 008 | 230509b bl.|||p| |||| 00| 00por d | ||
| 040 |
_aBR-BrBNA _bpor _cBiblioteca Nacional de Agricultura |
||
| 041 | _a(Pt) | ||
| 072 | _aF50 | ||
| 100 | 1 | _aMatos, C.H.C. | |
| 100 | 1 | _aPallini, A. | |
| 100 | 1 | _aPinto, C.M.F. | |
| 100 | 1 | _aVenzon, M. | |
| 100 | 1 | _aRezende, D.D.M. | |
| 100 | 1 | _aFreitas. R.C.P. de | |
| 245 | 1 | _aCaracterização morfológica e classificação da superfície foliar de pimentas quanto á presença de Tricomas e Domácias | |
| 650 | _aPIMENTA | ||
| 650 | _aCAPSICUM SP | ||
| 650 | _aMORFOLOGIA VEGETAL | ||
| 650 | _aPARASITO DE PLANTA | ||
| 773 | 0 |
_tHorticultura Brasileira (Brazil) _xISSN 0102-0536 _g(Apr-Jun 2011), v. 29(2) p. 181-186 _wBR2011005756 |
|
| 909 |
_a202311 _bLúcia _c55 _dLúcia Elande |
||
| 942 |
_2AGRIS _n0 _cANA |
||
| 999 |
_c214854 _d214854 |
||